Movies By 1 Actor and 1 Actress - Angelina Jolie Edition - Statistics

General Stats
  • This quiz has been taken 25 times
  • The average score is 12 of 26
Answer Stats
Cast Movie % Correct
Brad Pitt, Kerry Washington Mr. & Mrs. Smith
82%
Jack Black, Lucy Liu Kung Fu Panda
68%
Daniel Craig, Richenda Carey Lara Croft: Tomb Raider
68%
Winona Ryder, Jeffrey Tambor Girl, Interrupted
64%
Chiwetel Ejiofor, Tika Sumpter Salt
64%
Salma Hayek, Kit Harrington Eternals
59%
Elle Fanning, Sam Riley Maleficent
59%
Johnny Depp, Roberta Mastromichele The Tourist
59%
Denzel Washington, Queen Latifah The Bone Collector
55%
James McAvoy, Kristin Hager Wanted
55%
Colin Farrell, Rosario Dawson Alexander
50%
Nicolas Cage, Frances Fisher Gone in 60 Seconds
50%
Jonny Lee Miller, Lorraine Bracco Hackers
50%
Will Smith, Renee Zellweger Shark Tale
45%
Ray Winstone, Robin Wright Beowulf
36%
Ethan Hawke, Gena Rowlands Taking Lives
36%
Melanie Laurent, Melvin Poupaud By the Sea
32%
John Malkovich, Amy Ryan Changeling
32%
Edward Burns, Lisa Thornhill Life Or Something Like It
32%
Antonio Banderas, Joan Pringle Original Sin
32%
Matt Damon, Martina Gedeck The Good Shepherd
27%
Jon Bernthal, Medine Senghore Those Who Wish Me Dead
23%
Clive Owen, Teri Polo Beyond Borders
18%
David Oyelowo, Anna Chancellor Come Away
18%
Hedy Burress, John Diehl Foxfire
18%
Rosanna Arquette, William Forsythe Hell's Kitchen
18%
No matching quizzes found
Score Distribution
Percent of People with Each Score
Percentile by Number Answered
Your Score History
You have not taken this quiz